00229nam a2200073Ia 4500008004100000082000800041100001900049245008700068240331s9999 xx 000 0 und d bVIO aMcCamant, J.F. 0aViolence and repression in Latin America :bA Quantitative and Historical Analysis